Города Сибирского федерального округа России - Statistics

General Stats
  • This quiz has been taken 116 times
  • The average score is 44 of 114
Answer Stats
Hint Подсказка Answer % Correct
606 369 Иркутская область Иркутск
98%
544 600 Кемеровская область Кемерово
96%
1 633 851 Новосибирская область Новосибирск
94%
1 205 473 Красноярский край Красноярск
92%
1 104 485 Омская область Омск
91%
620 419 Алтайский край Барнаул
89%
545 391 Томская область Томск
89%
64 508 Республика Алтай Горно-Алтайск
87%
130 042 Республика Тыва Кызыл
83%
185 804 Республика Хакасия Абакан
83%
174 453 Красноярский край Норильск
74%
224 071 Иркутская область Братск
70%
537 480 Кемеровская область Новокузнецк
70%
183 852 Алтайский край Бийск
66%
221 296 Иркутская область Ангарск
66%
100 621 Красноярский край Ачинск
62%
19 556 Красноярский край Дудинка
58%
102 850 Новосибирская область Бердск
57%
126 834 Алтайский край Рубцовск
55%
106 648 Томская область Северск
55%
82 723 Красноярский край Железногорск
53%
70 089 Красноярский край Минусинск
51%
177 819 Кемеровская область Прокопьевск
47%
86 816 Красноярский край Канск
47%
17 537 Красноярский край Енисейск
47%
92 244 Кемеровская область Ленинск-Кузнецкий
45%
55 730 Красноярский край Лесосибирск
43%
30 369 Новосибирская область Обь
43%
79 570 Иркутская область Усть-Илимск
42%
27 477 Красноярский край Дивногорск
42%
3 364 Красноярский край Игарка
42%
23 711 Новосибирская область Татарск
42%
12 456 Республика Тыва Ак-Довурак
42%
36 918 Иркутская область Усть-Кут
40%
30 640 Иркутская область Зима
40%
96 174 Кемеровская область Междуреченск
40%
22 375 Кемеровская область Тайга
40%
57 147 Новосибирская область Искитим
40%
75 745 Республика Хакасия Черногорск
40%
32 385 Алтайский край Камень-на-Оби
38%
25 380 Алтайский край Алейск
38%
14 735 Алтайский край Белокуриха
38%
83 431 Кемеровская область Киселёвск
38%
27 648 Новосибирская область Барабинск
38%
44 872 Республика Хакасия Саяногорск
38%
74 782 Иркутская область Усолье-Сибирское
36%
13 199 Иркутская область Байкальск
36%
20 825 Омская область Калачинск
36%
27 900 Алтайский край Славгород
34%
66 583 Кемеровская область Анжеро-Судженск
34%
45 333 Красноярский край Назарово
34%
33 961 Красноярский край Шарыпово
34%
15 174 Красноярский край Бородино
34%
27 146 Омская область Тара
34%
9410 Алтайский край Змеиногорск
32%
34 491 Иркутская область Тайшет
32%
8 921 Иркутская область Бодайбо
32%
79 693 Кемеровская область Юрга
32%
40 779 Кемеровская область Мариинск
32%
40 442 Красноярский край Сосновоборск
32%
12 036 Красноярский край Уяр
32%
24 913 Томская область Асино
32%
12 272 Республика Хакасия Абаза
32%
73 049 Алтайский край Новоалтайск
30%
41 998 Иркутская область Шелехов
30%
18 058 Иркутская область Слюдянка
30%
21 980 Кемеровская область Таштагол
30%
1 492 Красноярский край Артёмовск
30%
11 034 Новосибирская область Чулым
30%
20 824 Томская область Колпашево
30%
53 958 Иркутская область Черемхово
28%
68 542 Кемеровская область Белово
28%
13 334 Красноярский край Кодинск
28%
41 946 Новосибирская область Куйбышев
28%
20 766 Новосибирская область Тогучин
28%
15 644 Новосибирская область Болотное
28%
16 424 Алтайский край Яровое
26%
38 440 Иркутская область Тулун
26%
35 561 Иркутская область Саянск
26%
54 279 Красноярский край Зеленогорск
26%
18 206 Красноярский край Боготол
26%
14 134 Красноярский край Ужур
26%
20 050 Омская область Исилькуль
26%
10 236 Омская область Называевск
26%
41 272 Алтайский край Заринск
25%
10 112 Алтайский край Горняк
25%
27 158 Кемеровская область Топки
25%
19 900 Новосибирская область Черепаново
25%
39 169 Томская область Стрежевой
25%
1 818 Томская область Кедровый
25%
8 632 Иркутская область Бирюсинск
23%
5 373 Иркутская область Алзамай
23%
25 631 Кемеровская область Полысаево
23%
22 134 Кемеровская область Гурьевск
23%
7 088 Кемеровская область Салаир
23%
15 945 Красноярский край Иланский
23%
24 890 Новосибирская область Карасук
23%
8316 Новосибирская область Каргат
23%
5044 Республика Тыва Туран
23%
21 621 Иркутская область Железногорск-Илимский
21%
44 073 Кемеровская область Берёзовский
21%
40 109 Кемеровская область Мыски
21%
9732 Омская область Тюкалинск
21%
11 772 Республика Тыва Шагонар
21%
9732 Республика Тыва Чадан
21%
10 124 Республика Хакасия Сорск
21%
9 954 Красноярский край Заозëрный
21%
40 367 Кемеровская область Осинники
19%
21 752 Кемеровская область Калтан
19%
15 065 Новосибирская область Купино
19%
29 995 Иркутская область Нижнеудинск
17%
21 719 Иркутская область Вихоревка
17%
15 485 Иркутская область Свирск
15%
10 998 Иркутская область Киренск
15%
No matching quizzes found
Score Distribution
Percent of People with Each Score
Percentile by Number Answered
Your Score History
You have not taken this quiz